|
|
|
|
| LEADER |
00000caa a22000002c 4500 |
| 001 |
1443677310 |
| 003 |
DE-627 |
| 005 |
20220810193316.0 |
| 007 |
tu |
| 008 |
121112s1987 xx ||||| 00| ||ger c |
| 035 |
|
|
|a (DE-627)1443677310
|
| 035 |
|
|
|a (DE-576)373677316
|
| 035 |
|
|
|a (DE-599)BSZ373677316
|
| 035 |
|
|
|a (OCoLC)1340428651
|
| 040 |
|
|
|a DE-627
|b ger
|c DE-627
|e rakwb
|
| 041 |
|
|
|a ger
|
| 084 |
|
|
|a 1
|2 ssgn
|
| 100 |
1 |
|
|0 (DE-588)115716475
|0 (DE-627)077424875
|0 (DE-576)163521387
|4 aut
|a Welker, Michael
|d 1947-
|
| 109 |
|
|
|a Welker, Michael 1947-
|a Vel'ker, Michaėl 1947-
|a Mi ha el Beol keo 1947-
|a Beol keo, Mi ha el 1947-
|a Mihael Pŏlk'ŏ 1947-
|a Pŏlk'ŏ, Mihael 1947-
|
| 245 |
1 |
0 |
|a Über Gottes Engel
|b systematisch-theologische Überlegungen im Anschluß an Claus Westermann und Hartmut Gese
|c Michael Welker
|
| 264 |
|
1 |
|c 1987
|
| 300 |
|
|
|a 16
|
| 336 |
|
|
|a Text
|b txt
|2 rdacontent
|
| 337 |
|
|
|a ohne Hilfsmittel zu benutzen
|b n
|2 rdamedia
|
| 338 |
|
|
|a Band
|b nc
|2 rdacarrier
|
| 650 |
0 |
7 |
|0 (DE-588)4196907-8
|0 (DE-627)105200360
|0 (DE-576)210111135
|a Schutzengel
|2 gnd
|
| 689 |
0 |
0 |
|d p
|0 (DE-588)11863187X
|0 (DE-627)07941947X
|0 (DE-576)163538913
|2 gnd
|a Westermann, Claus
|d 1909-2000
|
| 689 |
0 |
1 |
|d p
|0 (DE-588)118814478
|0 (DE-627)07958862X
|0 (DE-576)161100465
|2 gnd
|a Gese, Hartmut
|d 1929-2025
|
| 689 |
0 |
|
|5 (DE-627)
|
| 773 |
0 |
8 |
|i In
|t Jahrbuch für biblische Theologie
|d Göttingen : Vandenhoeck & Ruprecht, 1986
|g 2(1987), Seite 194-209
|w (DE-627)130412562
|w (DE-600)622998-0
|w (DE-576)015915603
|x 0935-9338
|7 nnas
|
| 773 |
1 |
8 |
|g volume:2
|g year:1987
|g pages:194-209
|g extent:16
|
| 889 |
|
|
|w (DE-576)518735818
|
| 889 |
|
|
|w (DE-627)1650039050
|
| 935 |
|
|
|a mteo
|a BIIN
|
| 951 |
|
|
|a AR
|
| BIB |
|
|
|a 1
|
| ELC |
|
|
|b 1
|
| ITA |
|
|
|a 1
|
| LOK |
|
|
|0 000 xxxxxcx a22 zn 4500
|
| LOK |
|
|
|0 001 2733787225
|
| LOK |
|
|
|0 003 DE-627
|
| LOK |
|
|
|0 004 1443677310
|
| LOK |
|
|
|0 005 20121220100747
|
| LOK |
|
|
|0 008 121220||||||||||||||||ger|||||||
|
| LOK |
|
|
|0 040
|a DE-21-35
|c DE-627
|d DE-21-35
|
| LOK |
|
|
|0 852
|a DE-21-35
|
| LOK |
|
|
|0 852 1
|c Hs 25.04-2
|m p
|9 00
|
| LOK |
|
|
|0 938
|k p
|
| LOK |
|
|
|0 939
|a 20-12-12
|b l01
|
| LOK |
|
|
|0 000 xxxxxcx a22 zn 4500
|
| LOK |
|
|
|0 001 2913168736
|
| LOK |
|
|
|0 003 DE-627
|
| LOK |
|
|
|0 004 1443677310
|
| LOK |
|
|
|0 005 20160405105703
|
| LOK |
|
|
|0 008 160404||||||||||||||||ger|||||||
|
| LOK |
|
|
|0 040
|a DE-Tue135
|c DE-627
|d DE-Tue135
|
| LOK |
|
|
|0 092
|o n
|
| LOK |
|
|
|0 852
|a DE-Tue135
|
| LOK |
|
|
|0 852 1
|9 00
|
| LOK |
|
|
|0 935
|a ixzs
|a ixmi
|a tuev
|
| LOK |
|
|
|0 939
|a 04-04-16
|b l01
|
| LOK |
|
|
|0 000 xxxxxcx a22 zn 4500
|
| LOK |
|
|
|0 001 3335562828
|
| LOK |
|
|
|0 003 DE-627
|
| LOK |
|
|
|0 004 1443677310
|
| LOK |
|
|
|0 005 20210909204227
|
| LOK |
|
|
|0 008 190311||||||||||||||||ger|||||||
|
| LOK |
|
|
|0 035
|a (DE-Tue135-1)31892
|
| LOK |
|
|
|0 040
|a DE-Tue135-1
|c DE-627
|d DE-Tue135-1
|
| LOK |
|
|
|0 852
|a DE-Tue135-1
|
| LOK |
|
|
|0 852 1
|c FTHAT097771/2/WRM
|m p
|9 00
|
| LOK |
|
|
|0 852 2
|b Z 4/381
|9 00
|
| LOK |
|
|
|0 935
|a iZSA
|
| LOK |
|
|
|0 938
|k p
|
| LOK |
|
|
|0 939
|a 11-03-19
|b l12
|
| ORI |
|
|
|a SA-MARC-ixtheoa001.raw
|
| STA |
0 |
0 |
|a Guardian angel,Guardian angel,Angel guardian
|
| STB |
0 |
0 |
|a Ange gardien,Ange gardien
|
| STC |
0 |
0 |
|a Ángel de la guarda,Ángel de la guarda
|
| STD |
0 |
0 |
|a Angelo custode,Angelo custode
|
| STE |
0 |
0 |
|a 守护天使,守护天使
|
| STF |
0 |
0 |
|a 守護天使,守護天使
|
| STG |
0 |
0 |
|a Anjo de guarda,Anjo de guarda
|
| STH |
0 |
0 |
|a Ангел-хранитель (мотив),Ангел-хранитель
|
| STI |
0 |
0 |
|a Φύλακας άγγελος (μοτίβο),Φύλακας άγγελος
|
| SUB |
|
|
|a BIB
|
| SYG |
0 |
0 |
|a Pesŭt'ŏman, K'ŭllausŭ,1909-2000,Vesutāman, C.,1909-2000
|